Vyavaharik anuvad: (Record no. 102936)

MARC details
000 -LEADER
fixed length control field 00606nam a2200205Ia 4500
003 - CONTROL NUMBER IDENTIFIER
control field OSt
005 - DATE AND TIME OF LATEST TRANSACTION
control field 20260406145544.0
008 - FIXED-LENGTH DATA ELEMENTS--GENERAL INFORMATION
fixed length control field 210210b1999 xxu||||| |||| 00| 0 eng d
020 ## - INTERNATIONAL STANDARD BOOK NUMBER
International Standard Book Number 81 85827 77 X
040 ## - CATALOGING SOURCE
Transcribing agency AL
041 ## - LANGUAGE CODE
Language code of text/sound track or separate title Hindi
082 ## - DEWEY DECIMAL CLASSIFICATION NUMBER
Classification number H491.802 AYYV
100 ## - MAIN ENTRY--PERSONAL NAME
Personal name Vishwanath N E Ayyar
9 (RLIN) 210528
Dates associated with a name विश्वनाथ एन.ई. अय्यर
245 ## - TITLE STATEMENT
Title Vyavaharik anuvad:
Remainder of title व्यावहारिक अनुवाद
260 ## - PUBLICATION, DISTRIBUTION, ETC.
Place of publication, distribution, etc. Nayi Dilli
Name of publisher, distributor, etc. Prathiba Prathistan
Date of publication, distribution, etc. 1999
300 ## - PHYSICAL DESCRIPTION
Extent 8,285p.
690 ## - LOCAL SUBJECT ADDED ENTRY--TOPICAL TERM (OCLC, RLIN)
Topical term or geographic name as entry element Hindi Language
9 (RLIN) 210529
906 ## - LOCAL DATA ELEMENT F, LDF (RLIN)
a 055154
942 ## - ADDED ENTRY ELEMENTS (KOHA)
Source of classification or shelving scheme Dewey Decimal Classification
Koha item type Book
Holdings
Withdrawn status Lost status Source of classification or shelving scheme Damaged status Not for loan Collection code Home library Current library Shelving location Date acquired Cost, normal purchase price Total Checkouts Full call number Barcode Date last seen Price effective from Koha item type
    Dewey Decimal Classification     Hindi St Aloysius Library St Aloysius Library Stack Section 02/17/2021 250.00   H491.802 AYYV 055154 02/17/2021 02/17/2021 Book